BUSINESS CORRESPONDENCE AND REPORT WRITING (Record no. 6269)

MARC details
000 -LEADER
fixed length control field 00314nam a2200145Ia 4500
003 - CONTROL NUMBER IDENTIFIER
control field SGT
082 ## - DEWEY DECIMAL CLASSIFICATION NUMBER
Classification number 651.75,SHA
100 ## - MAIN ENTRY--PERSONAL NAME
Personal name SHARMA,R.C
245 ## - TITLE STATEMENT
Title BUSINESS CORRESPONDENCE AND REPORT WRITING
250 ## - EDITION STATEMENT
Edition statement 4th Ed.
260 ## - PUBLICATION, DISTRIBUTION, ETC. (IMPRINT)
Name of publisher, distributor, etc TMH
Place of publication, distribution, etc NEW DELHI
Year of Publication 2010
300 ## - PAGE DESCRIPTION
No. of Pages 514p.
650 ## - SUBJECT ADDED ENTRY--TOPICAL TERM
Topical term or geographic name as entry element ENGLISH
942 ## - ADDED ENTRY ELEMENTS (KOHA)
Source of classification or shelving scheme Dewey Decimal Classification
Koha item type FCM Books
Holdings
Withdrawn status Lost status Source of classification or shelving scheme Damaged status Not for loan Collection code Home library Current library Shelving location Date acquired Vendor Name Cost, normal purchase price SGTU Bill Number Total Checkouts Full call number Accession No. (Barcode) Date last seen Bill Date Koha item type
    Dewey Decimal Classification     COMMERCE MANAGEMENT SGT Science & Social Sciences Library SGT Science & Social Sciences Library Text Book 08/07/2016 IBH 695.00 SGTU 8777   651.75 SHA CM33 24/03/2015 22/08/2013 FCM Books